000 00884nas a2200289 4500
001 BR8500252
003 BR-BrBNA
005 20231205090055.0
007 ta
008 230509b bl.|||p| |||| 00| 00por d
040 _aBR-BrBNA
_bpor
_cBiblioteca Nacional de Agricultura
041 _a(Pt)
072 _aL50
100 1 _aCoelho, H.E.
100 1 _aSilva, J.M.L. da
100 1 _aChquiloff, M.A. de G.
100 1 _aNunes, V.A.
100 1 _aSouza, J.C. de A.
245 1 _aCrescimento osseo endocondral em frango de corte
246 1 _aEndocondral bone growth in poultry
650 _aFRANGO DE CORTE
650 _aCRESCIMENTO
650 _aFORMACAO OSSEA
773 0 _tArquivo Brasileiro de Medicina Veterinaria e Zootecnia (Brazil)
_xISSN 0102-0935
_g(Feb 1984), v. 36(1) p. 11-20
_wBR8500252
909 _a202311
_bLúcia
_c55
_dLúcia Elande
942 _2AGRIS
_n0
_cANA
999 _c115978
_d115978